Indian Cities - Sudden Death - Statistics

General Stats
  • This quiz has been taken 2,904 times
    1,677 since last reset
  • The average score is 11 of 20
Answers on the Grid
Answers color-coded by a green-red scale on the quiz's grid according to % correct below.
Karachi
Chennai
Tehran
Delhi
Ahmedabad
Istanbul
Dhaka
Goiânia
Herat
Jaipur
Uttar Pradesh
Dushanbe
Hyderabad
Rajkot
Mombasa
Bangalore
Mogadishu
Surabaya
Sri Jayawardenepura Kotte
Bhopal
Antananarivo
Jodhpur
Chittagong
São Paulo
Nagpur
Lusaka
Isfahan
Kolkata
Ashgabat
Johannesburg
Multan
Kigali
Surat
Rawalpindi
Mumbai
Varanasi
Naypyidaw
Bandar Seri Begawan
Bandung
Vadodara
Bangui
Patna
Madurai
Dammam
Moscow
Gqeberha
Pune
Ludhiana
Faisalabad
Agra
Makassar
 
Answer Stats
Answer % Correct
Delhi
95%
Chennai
84%
Jaipur
78%
Ahmedabad
76%
Bangalore
73%
Hyderabad
73%
Kolkata
67%
Mumbai
60%
Jodhpur
57%
Nagpur
56%
Agra
52%
Bhopal
52%
Pune
50%
Varanasi
45%
Surat
43%
Patna
41%
Rajkot
38%
Madurai
35%
Vadodara
33%
Ludhiana
28%
No matching quizzes found
Score Distribution
Percent of People with Each Score
Percentile by Number Answered
Your Score History
You have not taken this quiz since the last reset